书目信息 |
| 题名: |
冬小麦播种期与生长发育条件的农业气象鉴定
|
|
| 作者: | 宛敏渭 著 | |
| 分册: | ||
| 出版信息: | 北京 科学出版社 1958 |
|
| 页数: | 86页 | |
| 开本: | 21cm | |
| 丛书名: | ||
| 单 册: | ||
| 中图分类: | S512.04 | |
| 科图分类: | ||
| 主题词: | 小麦--播种 | |
| 电子资源: | ||
| ISBN: | 13031.933 | |
| 000 | 00717cam0 2200229 450 | |
| 001 | 0105429769 | |
| 005 | 20080213142229.0 | |
| 010 | @a13031.933@dCNY0.50 | |
| 091 | @a13031.933@dCNY0.50 | |
| 100 | @a19970225d1958 em y0chiy0110 ea | |
| 101 | 0 | @achi |
| 102 | @aCN@b110000 | |
| 105 | @ay z 000yy | |
| 106 | @ar | |
| 200 | 1 | @a冬小麦播种期与生长发育条件的农业气象鉴定@9Dong Xiao Mai Bo Zhong;Chong Qi;Ji Yu Sheng Chang;Zhang Fa Yu;Yo Tiao Jian De;Di Nong Ye Qi Xiang Jian Ding @f宛敏渭等著@b专著 |
| 210 | @a北京@c科学出版社@d1958 | |
| 215 | @a86页@d21cm | |
| 606 | 0 | @a小麦@x播种 |
| 690 | @aS512.04@v3 | |
| 701 | 0 | @a宛敏渭@9wan min wei@4著 |
| 801 | 0 | @aCN@bAiZhiMarc |
| 905 | @aBZT@dS512.04@e1@f1@sS512.04/1 | |
| 冬小麦播种期与生长发育条件的农业气象鉴定/宛敏渭等著.-北京:科学出版社,1958 |
| 86页;21cm |
| ISBN 13031.933:CNY0.50 |
| ● |
| 相关链接 |
|
|
|
正题名:冬小麦播种期与生长发育条件的农业气象鉴定
索取号:S512.04/1
 
预约/预借
| 序号 | 登录号 | 条形码 | 馆藏地/架位号 | 状态 | 备注 |
| 1 | 2000132866 | 2000132866 | 旧书回溯/ [索取号:S512.04/1] | 在馆 |